[Event "Hull 4NCL International"]
[Site "Hull"]
[Date "2021.10.24"]
[Round "5.14"]
[White "Fathallah, Joe"]
[Black "Ireland, David J"]
[Result "0-1"]
[WhiteElo "1998"]
[BlackElo "2094"]
[PlyCount "142"]
[EventDate "2021.10.22"]

1. d4 Nf6 2. c4 c5 3. d5 b5 4. Qc2 d6 5. e4 g6 6. Nf3 Bg7 7. Bd3 bxc4 8. Bxc4
Ba6 9. O-O Bxc4 10. Qxc4 Nbd7 11. Nc3 Rb8 12. Rb1 Ng4 13. Bf4 O-O 14. h3 Nge5
15. Nxe5 Nxe5 16. Qe2 Rb4 17. a3 Rb3 18. Bg3 Qb6 19. f4 Nd3 20. Qxd3 c4+ 21.
Bf2 cxd3 22. Bxb6 Rxb6 23. Na4 Rb3 24. Rf3 Rc8 25. Rd1 Rc4 26. Nc3 Rxb2 27.
Rdxd3 Rb3 28. Ne2 Rxd3 29. Rxd3 Rxe4 30. Kf2 Ra4 31. Rb3 f5 32. Kf3 Kf7 33. g4
fxg4+ 34. hxg4 Bd4 35. Ng3 Bc5 36. Ne4 h6 37. Nxc5 dxc5 38. Rc3 h5 39. gxh5
gxh5 40. Kg3 Kf6 41. Re3 Rd4 42. Re6+ Kf7 43. Ra6 Rxd5 44. Rxa7 c4 45. Rc7 Rd3+
46. Kh4 Rxa3 47. Rxc4 Ra5 48. Rb4 Kf6 49. Rc4 e6 50. Rb4 Kf5 51. Kxh5 Ra3 52.
Kh4 Rf3 53. Rb8 Kxf4 54. Rb4+ Kf5 55. Rb8 e5 56. Rf8+ Ke4 57. Rd8 Kf4 58. Rf8+
Ke3 59. Rd8 e4 60. Kg4 Rf7 61. Ra8 Rg7+ 62. Kh3 Kf3 63. Rf8+ Ke2 64. Ra8 e3 65.
Rb8 Kf2 66. Rf8+ Ke1 67. Rb8 e2 68. Rd8 Rg5 69. Kh4 Rg2 70. Kh3 Kf1 71. Re8 Rf2
0-1

[Event "Hull 4NCL International"]
[Site "Hull"]
[Date "2021.10.24"]
[Round "5.15"]
[White "Edwards-Wright, Miles D"]
[Black "Pal, Rohan"]
[Result "1-0"]
[WhiteElo "2091"]
[BlackElo "1805"]
[PlyCount "0"]
[EventDate "2021.10.22"]

1. b3 e5 2. Bb2 Nc6 3. e3 g6 4. f4 Bg7 5. fxe5 Nxe5 6. d4 Qh4+ 7. Kd2 Qf2+ 8.
Qe2 Ng4 9. Nh3 Qxe2+ 10. Bxe2 d5 11. Bxg4 Bxg4 12. Nf4 Nf6 13. Nc3 c6 14. h3
Bf5 15. g4 Ne4+ 16. Nxe4 Bxe4 17. Rhg1 O-O-O 18. Raf1 Rd7 19. Nd3 Bxd3 20. Kxd3
Re8 21. Rf3 Rde7 22. Bc1 f6 23. Ba3 Re4 24. h4 R8e6 25. Bc1 Kd7 26. Bd2 Bf8 27.
c4 dxc4+ 28. bxc4 b5 29. c5 Be7 30. Rf4 Rxf4 31. exf4 f5 32. g5 Bf8 33. a4 Re4
34. axb5 Bg7 35. Be3 cxb5 36. Ra1 Re7 37. Rxa7+ Ke6 38. d5+ Kf7 39. Rxe7+ Kxe7
40. Bd4 Bf8 41. Kc3 Kd7 42. Kb4 Kc7 43. Kxb5 h6 44. Be5+ Kd7 45. Kb6 Kc8 46. d6
Kd7 47. c6+ Kd8 48. Bf6+ 1-0

[Event "Hull 4NCL International"]
[Site "Hull"]
[Date "2021.10.24"]
[Round "5.16"]
[White "Gardiner, Eric D"]
[Black "Lv, Jason"]
[Result "1-0"]
[WhiteElo "2091"]
[BlackElo "1945"]
[PlyCount "95"]
[EventDate "2021.10.22"]

1. e4 e5 2. Nf3 Nc6 3. d4 exd4 4. Nxd4 Bc5 5. Nxc6 Qf6 6. Qf3 bxc6 7. Nd2 d6 8.
Nb3 Bb6 9. Bd2 Qxf3 10. gxf3 Ne7 11. a4 a5 12. Be3 Ng6 13. O-O-O Bxe3+ 14. fxe3
O-O 15. Rg1 Ne5 16. Rg3 Kh8 17. f4 Nd7 18. Bg2 Nb6 19. e5 d5 20. Nc5 Nd7 21.
Nxd7 Bxd7 22. e4 Rad8 23. exd5 cxd5 24. Rxd5 Bxa4 25. Ra3 Rxd5 26. Bxd5 Bd7 27.
Rxa5 Be6 28. Ra8 Kg8 29. Rxf8+ Kxf8 30. Bxe6 fxe6 31. Kd2 Ke7 32. Kd3 Kd7 33.
Kd4 Kc6 34. Kc4 g6 35. h3 Kb6 36. b4 Kc6 37. b5+ Kb6 38. Kb4 c6 39. bxc6 Kxc6
40. c4 Kb6 41. c5+ Kc6 42. Kc4 Kc7 43. Kb5 Kb7 44. c6+ Kc7 45. Kc5 h6 46. h4 h5
47. Kb5 Kc8 48. Kb6 1-0

[Event "Hull 4NCL International"]
[Site "Hull"]
[Date "2021.10.24"]
[Round "5.17"]
[White "Southcott-Moyers, Indy"]
[Black "Chan, Sheng Liang Bernard"]
[Result "1-0"]
[WhiteElo "1751"]
[BlackElo "2078"]
[PlyCount "67"]
[EventDate "2021.10.22"]

1. d4 d5 2. Nf3 Nf6 3. Bf4 c5 4. e3 Nc6 5. Nbd2 Qb6 6. dxc5 Qxb2 7. Rb1 Qc3 8.
Bb5 Nd7 9. O-O e6 10. e4 Qxc5 11. exd5 Qxd5 12. Nc4 Bc5 13. Qxd5 exd5 14. Rfe1+
Kf8 15. Bd6+ Bxd6 16. Nxd6 Nf6 17. Bxc6 bxc6 18. Ng5 h6 19. Ngxf7 Rh7 20. Nxc8
Rxc8 21. Nd6 Ra8 22. Re6 Nd7 23. Rbe1 g5 24. Nf5 c5 25. g4 h5 26. h3 hxg4 27.
hxg4 Rf7 28. Rh6 Kg8 29. Ne7+ Kg7 30. Rg6+ Kh7 31. Rxg5 Raf8 32. Re3 Kh6 33.
Rg6+ Kh7 34. Rh3# 1-0

[Event "Hull 4NCL International"]
[Site "Hull"]
[Date "2021.10.24"]
[Round "5.18"]
[White "Collinson, Mark I"]
[Black "Flynn, David"]
[Result "0-1"]
[WhiteElo "2073"]
[BlackElo "1863"]
[PlyCount "52"]
[EventDate "2021.10.22"]

1. d4 Nf6 2. g3 g6 3. Bg2 Bg7 4. e4 d6 5. Nc3 O-O 6. Be3 Ng4 7. Qd2 Nxe3 8.
Qxe3 Nd7 9. Nge2 c5 10. h4 cxd4 11. Nxd4 Ne5 12. Rd1 Qb6 13. Nd5 Qa5+ 14. b4
Qd8 15. h5 Bg4 16. f3 Bd7 17. Qg5 Re8 18. hxg6 hxg6 19. f4 Nc6 20. Qh4 Nxd4 21.
Rxd4 e6 22. Qh7+ Kf8 23. Ne3 Bxd4 24. e5 Bc6 25. Bxc6 bxc6 26. Qh8+ Ke7 0-1

[Event "Hull 4NCL International"]
[Site "Hull"]
[Date "2021.10.24"]
[Round "5.19"]
[White "Gostelow, David W"]
[Black "Green, Michael"]
[Result "1-0"]
[WhiteElo "1972"]
[BlackElo "2050"]
[PlyCount "142"]
[EventDate "2021.10.22"]

1. d4 f5 2. Nf3 Nf6 3. Bf4 e6 4. e3 Be7 5. Be2 O-O 6. O-O b6 7. c4 d6 8. Nc3
Bb7 9. b4 Nh5 10. Qd2 Qe8 11. Rfe1 h6 12. Qd1 g5 13. Bg3 f4 14. exf4 Nxf4 15.
d5 Bf6 16. Rc1 Bxc3 17. Rxc3 e5 18. Bxf4 Rxf4 19. Nd2 a5 20. b5 Nd7 21. g3 Rf8
22. Ne4 Qg6 23. Bh5 Qg7 24. Bg4 Nf6 25. Be6+ Kh8 26. Rf3 Rae8 27. Nxf6 Rxf6 28.
Ree3 Rexe6 29. dxe6 Bxf3 30. Rxf3 Rxe6 31. Qd5 Re7 32. Qa8+ Kh7 33. Qd5 e4 34.
Rf5 Qg6 35. Kg2 Qg8 36. Qd4 Qe6 37. g4 Kg8 38. h3 Rf7 39. Rxf7 Kxf7 40. Qh8 Kg6
41. Qd4 Qe5 42. Qxe5 dxe5 43. Kf1 Kf6 44. Ke2 Ke6 45. Ke3 Kd6 46. Kxe4 Kc5 47.
Kxe5 Kxc4 48. f4 gxf4 49. Kxf4 Kxb5 50. h4 Kc4 51. g5 hxg5+ 52. hxg5 Kd3 53. g6
c5 54. g7 c4 55. g8=Q c3 56. Qb3 Kd2 57. Qxb6 a4 58. Qd4+ Kc2 59. Qxa4+ Kc1 60.
Qa3+ Kd2 61. Qd6+ Kc1 62. a4 Kb1 63. Qb4+ Ka1 64. Qxc3+ Ka2 65. a5 Kb1 66. a6
Ka2 67. a7 Kb1 68. Qb3+ Kc1 69. a8=Q Kd2 70. Qad5+ Ke1 71. Qe3+ Kf1 1-0

[Event "Hull 4NCL International"]
[Site "Hull"]
[Date "2021.10.24"]
[Round "5.21"]
[White "Liu, Jack"]
[Black "Zhu, Yaoyao"]
[Result "0-1"]
[WhiteElo "1810"]
[BlackElo "1998"]
[PlyCount "54"]
[EventDate "2021.10.22"]

1. e4 c5 2. Nf3 d6 3. d4 cxd4 4. Nxd4 Nf6 5. Nc3 g6 6. Be3 Bg7 7. f3 O-O 8. Qd2
Nc6 9. Bc4 Bd7 10. Bb3 Ne5 11. O-O-O b5 12. h4 a5 13. Nd5 e6 14. Nxf6+ Bxf6 15.
a3 b4 16. a4 Qe8 17. Bh6 Bxa4 18. Bxf8 Kxf8 19. h5 Bxb3 20. cxb3 a4 21. Qxb4
axb3 22. Kb1 Nc4 23. g3 Ra1+ 24. Kxa1 Qa8+ 25. Qa3 Nxa3 26. bxa3 Qxa3+ 27. Kb1
Bxd4 0-1

[Event "Hull 4NCL International"]
[Site "Hull"]
[Date "2021.10.24"]
[Round "5.22"]
[White "Culkin, Shaun J"]
[Black "Prince, Alan R"]
[Result "1/2-1/2"]
[WhiteElo "1983"]
[BlackElo "1773"]
[PlyCount "32"]
[EventDate "2021.10.22"]

1. e4 g6 2. d4 d6 3. c4 Bg7 4. Nc3 Nf6 5. h3 Nbd7 6. Be3 a6 7. Qd2 c5 8. d5 Rb8
9. a4 Qa5 10. Nf3 Qb4 11. a5 b6 12. e5 Nxe5 13. Nxe5 dxe5 14. Ra4 Qb3 15. Ra3
Qb4 16. Ra4 Qb3 1/2-1/2

[Event "Hull 4NCL International"]
[Site "Hull"]
[Date "2021.10.24"]
[Round "5.23"]
[White "Usifoh, Kristian C"]
[Black "Dasgupta, Avyukt"]
[Result "0-1"]
[WhiteElo "2050"]
[BlackElo "1777"]
[PlyCount "84"]
[EventDate "2021.10.22"]

1. c4 Nf6 2. g3 c5 3. Bg2 d6 4. Nc3 g6 5. e3 Bg7 6. Nge2 Nc6 7. d4 cxd4 8. Nxd4
Bd7 9. O-O Rc8 10. b3 O-O 11. Bb2 a6 12. Qe2 Re8 13. h3 h6 14. Rfd1 Qc7 15.
Rac1 Rcd8 16. Nd5 Nxd5 17. cxd5 Nxd4 18. Bxd4 Qb8 19. Qb2 Bxd4 20. Qxd4 Rc8 21.
h4 h5 22. Bf3 Rxc1 23. Rxc1 Rc8 24. Rd1 Qc7 25. g4 hxg4 26. Bxg4 Bxg4 27. Qxg4
Qc2 28. e4 Kh7 29. Kg2 Rg8 30. Rh1 f5 31. Qg5 Qxe4+ 32. f3 Qe2+ 33. Kg3 Qe5+
34. Kg2 Qe2+ 35. Kg3 Rf8 36. Qf4 Qxa2 37. h5 g5 38. Qc4 f4+ 39. Kh3 Qf2 40.
Qd3+ Kh8 41. Rg1 Qxg1 42. Qc3+ Kg8 0-1

[Event "Hull 4NCL International"]
[Site "Hull"]
[Date "2021.10.24"]
[Round "5.24"]
[White "Varley, Joe"]
[Black "Mollison, Jamie"]
[Result "1/2-1/2"]
[WhiteElo "1905"]
[BlackElo "1998"]
[PlyCount "128"]
[EventDate "2021.10.22"]

1. e4 e6 2. d4 d5 3. Nd2 Nf6 4. e5 Nfd7 5. Bd3 c5 6. c3 Nc6 7. Ne2 cxd4 8. cxd4
f6 9. exf6 Nxf6 10. Nf3 Bd6 11. O-O Qc7 12. Bg5 O-O 13. Bh4 e5 14. dxe5 Nxe5
15. Nxe5 Bxe5 16. Bg3 Bxg3 17. Nxg3 Qb6 18. Qc2 Bd7 19. Nf5 Kh8 20. Rad1 Rac8
21. Qd2 Rcd8 22. Ne3 Ng4 23. Nxg4 Bxg4 24. Rc1 Bf5 25. Rc3 Bxd3 26. Rxd3 Rf5
27. Qc2 Rdf8 28. Rc3 Qe6 29. Qd2 h6 30. Rc7 Qb6 31. Rc3 Qe6 32. Rb3 b6 33. Re3
Qf6 34. f3 d4 35. Re4 Ra5 36. a3 Rd5 37. Qd3 Qc6 38. Rd1 Rfd8 39. Rde1 Rc8 40.
Re7 Rdd8 41. h3 Kg8 42. Qb3+ Qc4 43. Qxc4+ Rxc4 44. Rd1 d3 45. Re3 d2 46. Kf2
Rc2 47. b3 Ra2 48. a4 Rb2 49. Ke2 Kf7 50. f4 Re8 51. Rxd2 Rxe3+ 52. Kxe3 Rxb3+
53. Rd3 Rxd3+ 54. Kxd3 Ke6 55. Kc4 a6 56. g4 g6 57. Kd4 Kd6 58. Kc4 b5+ 59.
axb5 axb5+ 60. Kxb5 Kd5 61. h4 h5 62. gxh5 gxh5 63. f5 Ke5 64. f6 Kxf6 1/2-1/2

[Event "Hull 4NCL International"]
[Site "Hull"]
[Date "2021.10.24"]
[Round "5.25"]
[White "Ilett, Raymond J"]
[Black "Sheppard, Derek A"]
[Result "1/2-1/2"]
[WhiteElo "1938"]
[BlackElo "1710"]
[PlyCount "42"]
[EventDate "2021.10.22"]

1. d4 e6 2. c4 d5 3. Nf3 Nf6 4. Nc3 Be7 5. e3 O-O 6. b3 b6 7. cxd5 exd5 8. Bd2
Bb7 9. Bd3 Nbd7 10. O-O Ne4 11. Qc2 f5 12. Ne5 Nxe5 13. dxe5 c6 14. Rad1 Qe8
15. f4 Rc8 16. Nxe4 fxe4 17. Be2 Bc5 18. Qc3 Qe7 19. Bg4 Rc7 20. f5 Qg5 21. Bh3
Qxe3+ 1/2-1/2

[Event "Hull 4NCL International"]
[Site "Hull"]
[Date "2021.10.24"]
[Round "5.26"]
[White "Mize, Dylan"]
[Black "Bedi, Adam"]
[Result "0-1"]
[WhiteElo "1831"]
[BlackElo "1930"]
[PlyCount "148"]
[EventDate "2021.10.22"]

1. d4 d5 2. c4 e6 3. Nc3 Be7 4. Bf4 Nf6 5. e3 O-O 6. g4 Nxg4 7. Qxg4 e5 8. Qh5
exf4 9. Nxd5 fxe3 10. fxe3 Re8 11. Bd3 g6 12. Qf3 Bh4+ 13. Kd2 c6 14. Nf4 Qa5+
15. Kc2 Na6 16. Nge2 Nb4+ 17. Kb3 Nxd3 18. Nxd3 Bf5 19. Ne5 b5 20. e4 Be6 21.
Kc2 bxc4 22. Nc3 Qb6 23. Nxc6 Qxc6 24. d5 Qb7 25. dxe6 Rxe6 26. Rhf1 Bf6 27.
Rab1 Bxc3 28. bxc3 Qxe4+ 29. Qxe4 Rxe4 30. Rb7 Rf8 31. Rf2 f5 32. Rxa7 Rfe8 33.
Kd2 R8e7 34. Ra8+ Kg7 35. a4 h6 36. a5 Re8 37. Ra6 R4e6 38. Ra7+ R8e7 39. Ra8
Rd7+ 40. Kc2 Ree7 41. Rc8 Ra7 42. Rc5 Kf6 43. Rd2 Ra6 44. Kd1 Re5 45. Rcd5 Rxd5
46. Rxd5 Kg5 47. Ke2 Kg4 48. Ke3 f4+ 49. Kf2 g5 50. Kg2 Re6 51. Rd2 h5 52. Ra2
Ra6 53. Ra4 Kf5 54. Kf3 g4+ 55. Kf2 Kg5 56. h3 Kf5 57. h4 Ke5 58. Ke2 Kd5 59.
Ra1 Kc5 60. Kd2 Kb5 61. Re1 Rd6+ 62. Kc2 Rd5 63. Re4 f3 64. Rf4 Kxa5 65. Rf8
Kb5 66. Rf6 Kc5 67. Rf4 Re5 68. Kd2 Kd5 69. Rd4+ Ke6 70. Rxc4 Kf5 71. Rb4 f2
72. Rb1 g3 73. Rf1 Kg4 74. c4 Kf3 0-1

[Event "Hull 4NCL International"]
[Site "Hull"]
[Date "2021.10.24"]
[Round "5.28"]
[White "Pattni, Kishan"]
[Black "Bettley, Andrew D"]
[Result "1-0"]
[WhiteElo "1743"]
[BlackElo "1852"]
[PlyCount "57"]
[EventDate "2021.10.22"]

1. f4 d5 2. Nf3 Nf6 3. b3 Nc6 4. Bb2 e6 5. e3 g6 6. Bb5 Bg7 7. Bxc6+ bxc6 8.
O-O O-O 9. Ne5 Bb7 10. d3 a5 11. a4 Nd7 12. Nxd7 Bxb2 13. Nxf8 Bxa1 14. Nxe6
fxe6 15. c3 c5 16. d4 cxd4 17. exd4 Qd6 18. Qc2 c5 19. Na3 cxd4 20. Nb5 Qc5 21.
Rxa1 dxc3+ 22. Kh1 Ba6 23. Qxc3 Rc8 24. Qxa5 Bxb5 25. Qxb5 Qxb5 26. axb5 Rb8
27. Ra5 d4 28. Kg1 d3 29. Kf2 1-0

[Event "Hull 4NCL International"]
[Site "Hull"]
[Date "2021.10.22"]
[Round "1.1"]
[White "Dean, Robert A"]
[Black "Rich, Ben S"]
[Result "1/2-1/2"]
[WhiteElo "1851"]
[BlackElo "1990"]
[PlyCount "100"]
[EventDate "2021.10.22"]

1. Nf3 c5 2. c3 d6 3. d4 Qc7 4. Bg5 a6 5. e3 b5 6. Bd3 Bb7 7. Nbd2 Nd7 8. O-O
Ngf6 9. Re1 h6 10. Bh4 e6 11. e4 g5 12. Bg3 Nh5 13. e5 Nf4 14. Bxf4 gxf4 15.
Ne4 O-O-O 16. exd6 Bxd6 17. Qe2 Rhg8 18. Nxd6+ Qxd6 19. Be4 Bd5 20. b3 c4 21.
a4 Nf6 22. Bxd5 Qxd5 23. axb5 axb5 24. bxc4 bxc4 25. Ra4 Rd7 26. Qxc4+ Qxc4 27.
Rxc4+ Rc7 28. Rxc7+ Kxc7 29. Ne5 Rg7 30. c4 h5 31. f3 h4 32. Kf2 Rh7 33. h3 Rg7
34. Nd3 Rg8 35. Nxf4 Ra8 36. Nd3 Nh5 37. Re2 Ra4 38. Rc2 Kd6 39. c5+ Kc7 40.
Ke3 Ng3 41. Ne5 Nf5+ 42. Kf2 Nxd4 43. Rd2 f6 44. Ng4 Nb3 45. Rc2 f5 46. Ne5 Ra5
47. Ng6 Ra4 48. g3 Nd4 49. Rd2 Nb3 50. Rc2 Nd4 1/2-1/2

[Event "Hull 4NCL International"]
[Site "Hull"]
[Date "2021.10.22"]
[Round "1.2"]
[White "Klein, Raimund"]
[Black "Patrick, David A"]
[Result "1/2-1/2"]
[WhiteElo "1979"]
[BlackElo "1843"]
[PlyCount "122"]
[EventDate "2021.10.22"]

1. Nf3 d5 2. g3 Nf6 3. Bg2 g6 4. c4 Bg7 5. cxd5 Nxd5 6. Nc3 Nxc3 7. bxc3 O-O 8.
Qb3 Nc6 9. d4 Na5 10. Qb4 c6 11. O-O Re8 12. Bf4 Qb6 13. Rab1 Qxb4 14. Rxb4 Be6
15. Ra4 b6 16. Ng5 Bd5 17. e4 Bc4 18. Re1 Rad8 19. e5 h6 20. Nh3 f6 21. Bxc6
Nxc6 22. Rxc4 Na5 23. Rc7 g5 24. exf6 exf6 25. Rxe8+ Rxe8 26. Be3 Bf8 27. Kf1
Re7 28. Rxe7 Bxe7 29. Ke2 Kf7 30. Kd3 b5 31. d5 a6 32. f3 Nc4 33. Bd4 h5 34.
Nf2 f5 35. g4 hxg4 36. fxg4 Kg6 37. h3 Bd6 38. Nd1 fxg4 39. hxg4 Bf4 40. a4 Kf7
41. axb5 axb5 42. Be3 Ne5+ 43. Ke4 Nxg4 44. Bxf4 Nf6+ 45. Ke5 gxf4 46. Kd6 Ne4+
47. Kc6 Ke7 48. Kxb5 f3 49. c4 f2 50. Ne3 Kd6 51. Kb6 Nc5 52. Kb5 Nd3 53. Nf1
Nf4 54. c5+ Kxd5 55. Kb6 Ne6 56. c6 Kd6 57. Nd2 Ke7 58. Kb7 Kd8 59. Nf1 Nc5+
60. Kb6 Na4+ 61. Kb7 Nc5+ 1/2-1/2

[Event "Hull 4NCL International"]
[Site "Hull"]
[Date "2021.10.22"]
[Round "1.3"]
[White "May, Paul"]
[Black "Spanton, Tim R"]
[Result "0-1"]
[WhiteElo "1840"]
[BlackElo "1979"]
[PlyCount "66"]
[EventDate "2021.10.22"]

1. d4 d5 2. c4 Nc6 3. e3 e5 4. cxd5 Qxd5 5. Nc3 Bb4 6. Bd2 Bxc3 7. bxc3 Nf6 8.
c4 Qd6 9. d5 Nb8 10. Qb1 Nbd7 11. Nf3 Nc5 12. Bc3 Nfd7 13. Be2 O-O 14. O-O Re8
15. e4 Qg6 16. Nd2 Na4 17. Bb4 a5 18. Ba3 Nc3 19. Qd3 Nxe2+ 20. Qxe2 Nf6 21.
Rab1 Nh5 22. Kh1 Nf4 23. Qf3 Qg5 24. Qg3 Qh5 25. h3 Ra6 26. Nf3 Rf6 27. Qh4 Qg6
28. Rg1 Qxe4 29. Rbe1 Qf5 30. Nd4 Qd7 31. Nf3 Rh6 32. Qg3 Nxh3 33. gxh3 Rxh3+
0-1

[Event "Hull 4NCL International"]
[Site "Hull"]
[Date "2021.10.22"]
[Round "1.4"]
[White "Angheluta, Ovidiu"]
[Black "Di-Vetta, Andrew"]
[Result "1-0"]
[WhiteElo "1970"]
[BlackElo "1803"]
[PlyCount "77"]
[EventDate "2021.10.22"]

1. e4 c5 2. c4 d6 3. g3 Nf6 4. Bg2 Nc6 5. Ne2 Bg4 6. h3 Bxe2 7. Qxe2 Nd4 8. Qd1
Nd7 9. Nc3 e6 10. d3 Be7 11. a3 Rb8 12. Be3 O-O 13. Rb1 a6 14. b4 Bf6 15. Qd2
b6 16. f4 cxb4 17. axb4 b5 18. O-O Nb6 19. Ne2 Nxe2+ 20. Qxe2 Na4 21. Qc2 Qd7
22. Kh2 Rbc8 23. Rb3 Rc7 24. Ra3 Rfc8 25. Rb1 e5 26. Bf1 g6 27. Qf2 Bg7 28. f5
f6 29. Be2 g5 30. Bd1 Qc6 31. Bxa4 bxa4 32. Qa2 Qb7 33. Rxa4 Rc6 34. b5 R6c7
35. bxa6 Qa8 36. Rab4 Bf8 37. a7 d5 38. Rb8 Rxb8 39. Rxb8 1-0

[Event "Hull 4NCL International"]
[Site "Hull"]
[Date "2021.10.22"]
[Round "1.5"]
[White "Crow, Stephen"]
[Black "Brencher, Paul"]
[Result "1/2-1/2"]
[WhiteElo "1801"]
[BlackElo "1968"]
[PlyCount "35"]
[EventDate "2021.10.22"]

1. f4 d5 2. Nf3 Nf6 3. g3 c5 4. Bg2 Nc6 5. O-O g6 6. c4 Bg7 7. cxd5 Nxd5 8. Nc3
Nxc3 9. dxc3 Qc7 10. Qd5 Qb6 11. Qb3 Be6 12. Qc2 O-O 13. e4 Rfd8 14. Be3 Qa5
15. Nd2 c4 16. Rfe1 b5 17. a3 Qc7 18. Nf3 1/2-1/2

[Event "Hull 4NCL International"]
[Site "Hull"]
[Date "2021.10.22"]
[Round "1.6"]
[White "Ortiz Sanchez, Luis"]
[Black "Macphail, Kieran"]
[Result "1-0"]
[WhiteElo "1962"]
[BlackElo "1798"]
[PlyCount "89"]
[EventDate "2021.10.22"]

1. d4 Nf6 2. Nf3 d5 3. c3 c5 4. dxc5 e6 5. b4 a5 6. e3 b6 7. Bb5+ Bd7 8. Bxd7+
Qxd7 9. a4 bxc5 10. b5 c4 11. O-O Bd6 12. Ba3 Bxa3 13. Nxa3 Qa7 14. Nd2 O-O 15.
e4 Nbd7 16. Qe2 Nb6 17. Nc2 Qc7 18. Qf3 Nfd7 19. Ne3 Rfd8 20. exd5 exd5 21.
Nxd5 Nxd5 22. Qxd5 Ne5 23. Qe4 f5 24. Qf4 Qf7 25. Qxe5 Rxd2 26. Rad1 Rb2 27.
Rb1 Rb3 28. Rfe1 Rxb1 29. Rxb1 Re8 30. Qc5 Qe6 31. f3 Qe2 32. Qf2 Qd3 33. Re1
Rd8 34. Qb2 Qd7 35. Rb1 Qd6 36. h3 Qb6+ 37. Qf2 Qb7 38. b6 Rd3 39. Qc5 Rd7 40.
Qxc4+ Kh8 41. Qb5 Rd8 42. c4 Qb8 43. c5 Re8 44. c6 Qg3 45. b7 1-0

[Event "Hull 4NCL International"]
[Site "Hull"]
[Date "2021.10.22"]
[Round "1.7"]
[White "Kane, Robert"]
[Black "Coates, Sam"]
[Result "0-1"]
[WhiteElo "1785"]
[BlackElo "1959"]
[PlyCount "106"]
[EventDate "2021.10.22"]

1. c4 e5 2. g3 Nf6 3. Bg2 d5 4. cxd5 Nxd5 5. Nc3 Nb6 6. Nf3 Nc6 7. O-O Be7 8.
b3 O-O 9. Bb2 Re8 10. d3 Bf8 11. Rc1 f5 12. Nb1 Bd6 13. Nbd2 a5 14. a4 Nb4 15.
Nc4 Nxc4 16. bxc4 c5 17. Nd2 Rb8 18. Nb1 Bd7 19. Nc3 Bc6 20. e4 Rf8 21. Nb5 f4
22. Ba3 b6 23. Qg4 Bd7 24. Qe2 Qe7 25. Bb2 Rf7 26. Rcd1 Rbf8 27. f3 fxg3 28.
hxg3 Bb8 29. Qe3 Nc2 30. Qe2 Nb4 31. Qe3 Be6 32. Bc3 h6 33. Kh2 Bd7 34. Bh3
Bxh3 35. Kxh3 Rd8 36. Bxb4 axb4 37. a5 bxa5 38. Ra1 Bc7 39. Ra4 Bb6 40. Kg2
Rdf8 41. Ra2 Ra8 42. Ra4 Raf8 43. Ra2 Qe6 44. Qd2 Rf6 45. Qd1 Qf7 46. Raf2 Qe8
47. f4 exf4 48. e5 Qxe5 49. Re1 Qg5 50. g4 h5 51. Re7 hxg4 52. Qe1 f3+ 53. Kf1
g3 0-1

[Event "Hull 4NCL International"]
[Site "Hull"]
[Date "2021.10.22"]
[Round "1.8"]
[White "Robson, Paul E"]
[Black "Doherty, Paul D"]
[Result "0-1"]
[WhiteElo "1957"]
[BlackElo "1780"]
[PlyCount "124"]
[EventDate "2021.10.22"]

1. e4 Nc6 2. Nf3 f5 3. Nc3 fxe4 4. Nxe4 d5 5. Ng3 e5 6. Bb5 Qd6 7. O-O Bg4 8.
h3 Bxf3 9. Qxf3 O-O-O 10. Bxc6 bxc6 11. Re1 Kb8 12. a4 g6 13. a5 Bg7 14. Ra3
Ka8 15. a6 Nf6 16. Qb3 Rb8 17. Qa2 Rhf8 18. Ree3 Nd7 19. Rab3 Nb6 20. Rf3 e4
21. Rfe3 Bd4 22. Nh1 Bxe3 23. dxe3 Qc5 24. Rc3 Qb5 25. Ng3 Rf6 26. Bd2 c5 27.
Be1 c4 28. Ra3 Nd7 29. Bc3 Rf7 30. Ra5 Qc6 31. Qa3 Nb6 32. Bd4 Nc8 33. Rc5 Qd6
34. Qa4 Nb6 35. Qa5 Qd7 36. Rb5 c6 37. Rb4 Nc8 38. Ra4 Rb5 39. Qc3 c5 40. Bh8
Rxb2 41. Ra1 Rb6 42. Qa3 Qd6 43. Qa4 Qc6 44. Qa5 Qb5 45. Qa3 Qb4 46. Qa2 Nd6
47. Rd1 Qb5 48. Rxd5 Rxa6 49. Qb2 Qxb2 50. Bxb2 Nb7 51. Nxe4 Ra2 52. Be5 Rxc2
53. Bg3 Rc1+ 54. Kh2 c3 55. Rd3 c2 56. Rc3 Rd7 57. f3 Rdd1 58. Nf2 Rd2 59. Ne4
Re2 60. Nxc5 Nxc5 61. Rxc5 Rb1 62. Rc8+ Rb8 0-1

[Event "Hull 4NCL International"]
[Site "Hull"]
[Date "2021.10.22"]
[Round "1.9"]
[White "Allison, Paul A"]
[Black "Thackray, John"]
[Result "1-0"]
[WhiteElo "1779"]
[BlackElo "1948"]
[PlyCount "85"]
[EventDate "2021.10.22"]

1. e4 e5 2. Nc3 Nf6 3. Bc4 Bc5 4. f4 Bxg1 5. Rxg1 d6 6. f5 c6 7. Qf3 b5 8. Bb3
b4 9. Ne2 Nbd7 10. d3 Nc5 11. Bd2 Nxb3 12. axb3 c5 13. Ng3 d5 14. Bg5 Bb7 15.
O-O-O d4 16. Nh5 Rg8 17. Qg3 Nxh5 18. Qxe5+ Kd7 19. Bxd8 Kxd8 20. Qxc5 a5 21.
Qxd4+ Kc7 22. Qc4+ Kb6 23. Qxf7 Nf4 24. Rd2 Raf8 25. Qe7 Nh5 26. g4 Nf6 27. g5
Ne8 28. Qe6+ Bc6 29. d4 Nc7 30. Qe5 Re8 31. Qc5+ Kb7 32. d5 Bd7 33. Rd4 Nb5 34.
Rc4 Re5 35. Re1 Rc8 36. Qf2 Rce8 37. h4 Nd6 38. Rc5 Nxe4 39. Qd4 Bxf5 40. Rxa5
Kc7 41. Ra7+ Kd6 42. Qb6+ Kxd5 43. Rd1+ 1-0

[Event "Hull 4NCL International"]
[Site "Hull"]
[Date "2021.10.22"]
[Round "1.10"]
[White "Garnett, John S"]
[Black "Connor, Michael I"]
[Result "1-0"]
[WhiteElo "1927"]
[BlackElo "1773"]
[PlyCount "63"]
[EventDate "2021.10.22"]

1. d4 Nf6 2. Bg5 Ne4 3. Bf4 c5 4. d5 Qa5+ 5. c3 d6 6. f3 Nf6 7. e4 Nbd7 8. Nd2
g6 9. Nc4 Qc7 10. a4 Bg7 11. Qd2 O-O 12. Bd3 Rd8 13. Ne2 Ne5 14. Nxe5 dxe5 15.
Bh6 c4 16. Bxg7 Kxg7 17. Bc2 e6 18. Qg5 exd5 19. O-O-O Be6 20. exd5 Nxd5 21.
Ng3 Nf4 22. Ne4 Nh5 23. g4 h6 24. Qh4 Nf4 25. Qf6+ Kh7 26. h4 Nd5 27. Ng5+ Kg8
28. Nxe6 Nxf6 29. Nxc7 Rac8 30. Rxd8+ Rxd8 31. Rd1 Rc8 32. Nd5 1-0

[Event "Hull 4NCL International"]
[Site "Hull"]
[Date "2021.10.22"]
[Round "1.11"]
[White "Ibbitson, Anthony"]
[Black "Wynarczyk, Raymond"]
[Result "1/2-1/2"]
[WhiteElo "1735"]
[BlackElo "1912"]
[PlyCount "63"]
[EventDate "2021.10.22"]

1. e4 e5 2. Nf3 d6 3. d4 exd4 4. Nxd4 Nf6 5. Nc3 Be7 6. g3 d5 7. e5 Ng4 8. Bg2
c6 9. e6 Nf6 10. exf7+ Kxf7 11. O-O Rf8 12. Re1 Bc5 13. Nb3 Bg4 14. Qd3 Bb4 15.
a3 Be7 16. Be3 Nbd7 17. f4 Nb6 18. Bc5 Re8 19. Bxe7 Rxe7 20. Nd4 Qd7 21. Nf3
Bxf3 22. Bxf3 Rae8 23. Rxe7+ Qxe7 24. Qe2 Qxe2 25. Nxe2 Nc4 26. b3 Nd2 27. Kf2
Nfe4+ 28. Bxe4 Nxe4+ 29. Kf3 Nd2+ 30. Kf2 Ne4+ 31. Kf3 Nd2+ 32. Kf2 1/2-1/2

[Event "Hull 4NCL International"]
[Site "Hull"]
[Date "2021.10.22"]
[Round "1.12"]
[White "Cordova Lopez, Diego Anton"]
[Black "Dukalev, Oleg"]
[Result "1-0"]
[WhiteElo "1911"]
[BlackElo "1728"]
[PlyCount "107"]
[EventDate "2021.10.22"]

1. e4 e5 2. Nf3 Nf6 3. Nc3 Nc6 4. a3 a6 5. d4 exd4 6. Nxd4 h6 7. Be3 d5 8. Nxc6
bxc6 9. f3 Bd6 10. Bf2 O-O 11. Bd3 Nh5 12. g3 Nf6 13. Qd2 Rb8 14. b4 Bh3 15.
Be3 Be5 16. Bf4 Bd4 17. O-O-O Nh5 18. Ne2 Nxf4 19. gxf4 Bb6 20. f5 Bg2 21. Rhg1
Bxg1 22. Rxg1 Qf6 23. Qe3 dxe4 24. fxe4 Bxe4 25. Qxe4 Rfe8 26. Qg4 Rbd8 27. Nf4
Rd4 28. Nh5 Qe5 29. Qg2 Qe3+ 30. Kb1 Qg5 31. Qxg5 hxg5 32. Rxg5 Re1+ 33. Kb2
Rh4 34. Nxg7 Kf8 35. f6 Rxh2 36. Rc5 Re3 37. Kc3 Rh6 38. Rxc6 Rf3 39. Rxa6
Rhxf6 40. Rxf6 Rxf6 41. Nh5 Rd6 42. Ng3 Ke8 43. Nf5 Rd8 44. a4 Kd7 45. Kc4 Kc6
46. a5 Kb7 47. Kc5 Re8 48. a6+ Kb8 49. Nd4 Re5+ 50. Kc6 Re7 51. Bc4 Re4 52. Kc5
Re5+ 53. Bd5 Ka7 54. Nc6+ 1-0

[Event "Hull 4NCL International"]
[Site "Hull"]
[Date "2021.10.22"]
[Round "1.13"]
[White "Leigh, Dominic"]
[Black "Carmichael, Ned"]
[Result "0-1"]
[WhiteElo "1720"]
[BlackElo "1900"]
[PlyCount "62"]
[EventDate "2021.10.22"]

1. d4 Nf6 2. c4 e6 3. Nf3 b6 4. g3 Bb7 5. Bg2 Be7 6. O-O O-O 7. Nc3 Ne4 8. Qc2
Nxc3 9. Qxc3 c5 10. dxc5 bxc5 11. Qb3 Qc7 12. Bf4 d6 13. Rfd1 Nc6 14. Rac1 Rab8
15. Qc3 Nd4 16. Nxd4 cxd4 17. Qa3 Bxg2 18. Kxg2 Qb7+ 19. Kg1 Qxb2 20. Qxa7 Qb7
21. Qxb7 Rxb7 22. Rb1 Rc7 23. Rdc1 Rfc8 24. Rb4 e5 25. Bd2 d5 26. Rb5 Ba3 27.
Rcb1 dxc4 28. Rxe5 c3 29. Bc1 c2 30. Ra1 Rb7 31. Kg2 Rb1 0-1